000 01035cam a22002054a 4500
005 20250605164116.0
008 250528s ||||||||||||||||||||||||d
035 _a18092
020 _a863776736
040 _aGR-AtMCL
_bgre
_dGR-AtMCL
_eAACR2
245 1 _aEssential Cognitive Psychology
250 _a1st
260 _bPsychology Press, Ltd,
_c2000
300 _a354
520 _aThis textbook provides a clear, fundamental grounding in cognitive psychology for beginning undergraduates. Preface, The Origins of Cognitive Psychology, Visual Perception, Attention, Memory: Short-Term Storage, Memory: Long-Term Store, Memory: Codes and Processes and Loops, Memory: Remembering and Forgetting, Knowledge, Imagery, Language: Speech Recognition, Language: World Recognition and Reading, Language: Comprehension, Language: Speaking and Thinking, Reasoning, Problem Solving, Glossary, References, Author and subject Index, Illustration Credits.
700 1 _aParkin Alan J
_976
942 _cBK
999 _c3477
_d3477